| Tag |
First Indicator |
Second Indicator |
Subfields |
| LEADER |
00000cam a22000001 4500 |
| 001 |
in00001404866 |
| 005 |
20151020064032.0 |
| 008 |
690303s1968 miu b 001 0 eng |
| 010 |
|
|
|a 76001653
|
| 035 |
|
|
|a (OCoLC)00219886
|
| 035 |
|
|
|9 AHP4370AM
|
| 040 |
|
|
|a DLC
|c DLC
|d UtOrBLW
|
| 049 |
|
|
|a TXAM
|
| 050 |
0 |
0 |
|a BX8800
|b .C6 1968b
|
| 082 |
0 |
0 |
|a 289.9
|
| 100 |
1 |
|
|a Coad, F. Roy
|q (Frederick Roy)
|
| 245 |
1 |
2 |
|a A history of the Brethren movement ;
|b its origins, its worldwide development, and its significance for the present day /
|c by F. Roy Coad.
|
| 264 |
|
1 |
|a Grand Rapids :
|b Eerdmans,
|c [1968]
|
| 300 |
|
|
|a 327 pages ;
|c 23 cm.
|
| 336 |
|
|
|a text
|b txt
|2 rdacontent
|
| 337 |
|
|
|a unmediated
|b n
|2 rdamedia
|
| 338 |
|
|
|a volume
|b nc
|2 rdacarrier
|
| 504 |
|
|
|a Bibliography: pages 307-316.
|
| 650 |
|
0 |
|a Plymouth Brethren.
|
| 999 |
|
|
|a MARS
|
| 999 |
f |
f |
|s 65beadb2-8e08-36c2-9a1c-287155f2d674
|i 8a421dea-e7d5-3b3f-aeb6-3217cd7cfece
|t 0
|
| 952 |
f |
f |
|p ric
|a Texas A&M University
|b Rellis Campus
|c Joint Library Facility
|d Remote Storage
|t 0
|e BX8800 .C6 1968b
|h Library of Congress classification
|i unmediated -- volume
|m A14801832863
|
| 998 |
f |
f |
|a BX8800 .C6 1968b
|t 0
|l Remote Storage
|